Technologický postup výroby geometricky komplexnej súčiastky
Saved in:
| Main Author: | |
|---|---|
| Other Authors: | |
| Format: | Manuscript Book |
| Language: | Slovak |
| Published: |
2025
|
| Subjects: | |
| Online Access: | http://is.stuba.sk/zp/portal_zp.pl?podrobnosti=169361 |
| Tags: |
No Tags, Be the first to tag this record!
|
MARC
| LEADER | 00000ntm a22000003a 4500 | ||
|---|---|---|---|
| 001 | stuzp99812 | ||
| 003 | SK-STU | ||
| 005 | 20250628210516.7 | ||
| 007 | ta | ||
| 008 | 150427s2015----xo-----f-mn---000-0-slo-d | ||
| 040 | |a STU |b slo | ||
| 041 | 0 | |a slo | |
| 100 | 1 | |a Levčík, Lukáš |u 063000 |4 aut |U MTF Materiálovotechnologická fakulta |T MTF Ústav výrobných technológií |X 116573 |U M3000 |Y 83 |7 116573 | |
| 242 | 0 | 1 | |a Production process of a structurally complex component |y eng |
| 245 | 1 | 0 | |a Technologický postup výroby geometricky komplexnej súčiastky |
| 260 | |c 2025 | ||
| 650 | 4 | |a technologický postup výroby |2 slo | |
| 650 | 4 | |a CAx technológie |2 slo | |
| 650 | 4 | |a NC program |2 slo | |
| 650 | 4 | |a ERP softvér |2 slo | |
| 650 | 4 | |a CAx technologies |2 eng | |
| 650 | 4 | |a ERP software |2 eng | |
| 650 | 4 | |a NC program |2 eng | |
| 650 | 4 | |a technological process for the production |2 eng | |
| 700 | 1 | |a Necpal, Martin |u 063200 |k Z1 |4 ths |U MTF Ústav výrobných technológií |T MTF Katedra obrábania a počítačovej podpory technológií |X 20985 |U M3200 |Y 164 |7 A000020985 | |
| 856 | 4 | |u http://is.stuba.sk/zp/portal_zp.pl?podrobnosti=169361 | |
| 996 | |c M* BP-9971 |l MMSKP |s P |a 0 |w stuzp99812_0001 | ||